000 00812nam a2200229 a 4500
001 39041
003 BD-RjUL
005 20211209052914.0
008 160404s1999 bg a|||| |||| 00| 0 ben d
020 _a9845600611
_c: TK. 70.00
035 _a(BD-RjUL)39152
040 _aBD-RjUL
_bben
_cBD-RjUL
041 _aben
082 _223
_a891.444
_bCHL 1999
100 _aচৌধুরী, কবীর
_9120511
245 _aলোরকা ও অন্যান্য /
_cকবীর চৌধুরী
260 _aঢাকা :
_bকমলাকান্তি দাস,মোরশেদ আলম ;
_c১৯৯৯
300 _a১০১ পৃ. :
_bচিএ ;
_c২২ মে.মি.
650 _aBengali Literary
_9120512
650 _aবাংলা সাহিত্য
_9120513
942 _2ddc
_cBK
999 _c39041
_d39041